| 000 | 00826nam a2200253 a 4500 | ||
|---|---|---|---|
| 005 | 20231010063657.0 | ||
| 008 | 060912s2003 mx r 000 0 spa d | ||
| 020 | _a9706332723 | ||
| 035 | _aUPN01000146946 | ||
| 049 | _aCG | ||
| 050 | 4 |
_aHX542 _bS9.5 |
|
| 100 | 1 | _aSwingewood, Alan | |
| 245 | 1 | 3 |
_aEl mito de la cultura de masas / _cAlan Swingewood ; tr. Anette Kleinfeld Lissauer. |
| 260 |
_aMéxico : _bCoyoacán, _c2003. |
||
| 300 | _a141 p. | ||
| 440 | 0 |
_aDiálogo abierto ; _v81. _pPolítica |
|
| 534 |
_pTítulo original: _tThe myth of mass culture |
||
| 590 | _aBibliografía Básica (BGTQ) | ||
| 590 | _a(También localizas un ejemplar en el "Area de Reserva") | ||
| 650 | 4 |
_aSOCIALISMO Y SOCIEDAD _918105 |
|
| 650 | 4 |
_aSOCIALISMO Y CULTURA _918104 |
|
| 650 | 4 |
_aSociedad de masas _917349 |
|
| 905 | _aLibro | ||
| 999 |
_c119092 _d119092 |
||